000 00539cam a2200145 4500500
005 20260208002411.0
041 _afre
042 _adc
100 1 0 _aGiafferi-Dombre, Natacha
_eauthor
245 0 0 _aRichard Price & Sally Price, L’Art des Marrons, La Roque d’Anthéron, Vents d’ailleurs, 2005, 271 p., bibl., ill.
260 _c2007.
500 _a67
786 0 _nL'Homme | 183 | 3 | 2007-07-01 | p. 199r-257r | 0439-4216
856 4 1 _uhttps://shs.cairn.info/revue-l-homme-2007-3-page-199r?lang=fr&redirect-ssocas=7080
999 _c1646148
_d1646148